مكتبة جامعة عجلون الوطنية

فهرس بحث المكتبة

أثر استخدام تكنولوجيا المعلومات على رضا العملاء في البنوك التجارية الاردنية، الثقافة الرقمية : كمتغير معدل = The Impact of Information Technology on Customer Satisfaction at Jordanian Commercial Banks, Digital Culture : as a Moderating Variable (Record no. 33449)

MARC details
000 -LEADER
fixed length control field 01167nam a22001937a 4500
003 - CONTROL NUMBER IDENTIFIER
control field JO-AjAnu
005 - DATE AND TIME OF LATEST TRANSACTION
control field 20240605111803.0
008 - FIXED-LENGTH DATA ELEMENTS--GENERAL INFORMATION
fixed length control field 240414b jo ||||| |||| 00| 0 ara d
040 ## - CATALOGING SOURCE
Original cataloging agency JO-AjAnu
Language of cataloging ara
Transcribing agency JO-AjAnu
041 #0 - LANGUAGE CODE
Language code of text/sound track or separate title ara
100 #1 - MAIN ENTRY--PERSONAL NAME
Personal name العلاونة، معاذ خالد حسن
Relator term معد
9 (RLIN) 65352
245 10 - TITLE STATEMENT
Title أثر استخدام تكنولوجيا المعلومات على رضا العملاء في البنوك التجارية الاردنية، الثقافة الرقمية : كمتغير معدل = The Impact of Information Technology on Customer Satisfaction at Jordanian Commercial Banks, Digital Culture : as a Moderating Variable
Statement of responsibility, etc. اعداد معاذ خالد حسن العلاونة ؛ اشراف هشام علي شطناوي
260 ## - PUBLICATION, DISTRIBUTION, ETC.
Date of publication, distribution, etc. 2023
300 ## - PHYSICAL DESCRIPTION
Extent 119 ورقة
500 ## - GENERAL NOTE
General note رسالة جامعية ( رسالة ماجستير في ادارة الاعمال ) - جامعة عجلون الوطنية (عجلون، الاردن)، كلية الاعمال، 2023.
650 70 - SUBJECT ADDED ENTRY--TOPICAL TERM
Topical term or geographic name entry element خدمات العملاء - البنوك التجارية
9 (RLIN) 65353
700 #1 - ADDED ENTRY--PERSONAL NAME
Personal name شطناوي، هشام علي
Relator term مشرف
9 (RLIN) 64974
942 ## - ADDED ENTRY ELEMENTS (KOHA)
Source of classification or shelving scheme Library of Congress Classification
Koha item type Thesis
Suppress in OPAC No
Holdings
Withdrawn status Lost status Source of classification or shelving scheme Damaged status Not for loan Home library Current library Date acquired Total Checkouts Full call number Barcode Date last seen Price effective from Koha item type
    Library of Congress Classification     مكتبة جامعة عجلون الوطنية مكتبة جامعة عجلون الوطنية 14/04/2024   HF5415.5 2023 a29305 14/04/2024 14/04/2024 Thesis
    Library of Congress Classification     مكتبة جامعة عجلون الوطنية مكتبة جامعة عجلون الوطنية 14/04/2024   HF5415.5 2023 a29306 14/04/2024 14/04/2024 Thesis